|
|
|
|
| LEADER |
00616cam a2200169 7i4500 |
| 001 |
0000015952 |
| 005 |
20011105090000.0 |
| 020 |
# |
0 |
|a 185233195X (alk. paper)
|
| 090 |
0 |
0 |
|a QA 76.9
|b M35 S816
|
| 100 |
1 |
# |
|a Ștef?anescu,
|c 1955-
|
| 245 |
1 |
0 |
|a Network algebra
|c Gheorghe Ștef?anescu.
|
| 260 |
# |
# |
|a London
|a New York:
|b Springer,
|c 2000..
|
| 300 |
# |
# |
|a xv, 400 p.:
|b ill.;
|c 24 cm..
|
| 490 |
0 |
0 |
|a Discrete mathematics and theoretical computer science
|
| 504 |
0 |
0 |
|a Includes bibliographical references (p. [381]-390) and index.
|
| 650 |
0 |
0 |
|a Computer science --
|x Mathematics.
|
| 999 |
|
|
|a 2000131076
|b Book
|c Open Shelf
|e KOLEKSI TERBUKA
|